Search Results
Showing Item 1 of 8
Integrated Science Workbook 1 For Senior High Schools
Available copies
- 13 of 13 copies available at Headquarters.
Current holds
0 current holds with 13 total copies.
| Location | Call Number / Copy Notes | Barcode | Shelving Location | Status | Due Date |
|---|---|---|---|---|---|
| Amasaman Library | 201 500/KWA | 000001987225 | 500 - Science & Math, Space, Earth, Weather, Animals,Plants - | Available | - |
| Amasaman Library | 201 500/KWA | 000001987232 | 500 - Science & Math, Space, Earth, Weather, Animals,Plants - | Available | - |
| Amasaman Library | 201 500/KWA | 000001987249 | 500 - Science & Math, Space, Earth, Weather, Animals,Plants - | Available | - |
| Amasaman Library | 201 500/KWA | 000001987256 | 500 - Science & Math, Space, Earth, Weather, Animals,Plants - | Available | - |
| Bortiano Library | 201 500/KWA | 000001968422 | Childrens' Fiction | Available | - |
| Bortiano Library | 201 500/KWA | 000001968439 | Childrens' Fiction | Available | - |
| Bortiano Library | 201 500/KWA | 000001968446 | Childrens' Fiction | Available | - |
| Bortiano Library | 201 500/KWA | 000001968453 | Childrens' Fiction | Available | - |
| Bortiano Library | 201 500/KWA | 000001968460 | Childrens' Fiction | Available | - |
| Bortiano Library | 201 500/KWA | 000001986976 | 500 - Science & Math, Space, Earth, Weather, Animals,Plants - | Available | - |
| Next 10 » | |||||
Record details
- ISBN: 9789988185633
- Physical Description: Paperback
- Publisher: Kumasi: Unijay Publications 2013
Search for related items by subject
| Subject: | Integrated Science |
| LDR | 00620cam a2200205Ka 4500 | ||
|---|---|---|---|
| 001 | 83030 | ||
| 003 | HQ | ||
| 005 | 20210920140444.0 | ||
| 008 | 070101s gh a cr 0 eng d | ||
| 020 | . | ‡a9789988185633 | |
| 037 | . | ‡aRebecca Foundation | |
| 082 | . | ‡a500/KWA | |
| 100 | . | ‡aCharles Kwarteng, [et,al] | |
| 245 | . | ‡aIntegrated Science Workbook 1 For Senior High Schools | |
| 260 | . | ‡aKumasi: ‡bUnijay Publications ‡c2013 | |
| 300 | . | ‡aPaperback | |
| 650 | . | ‡aIntegrated Science | |
| 901 | . | ‡a83030 ‡bAUTOGEN ‡c83030 ‡tbiblio | |
Search Results
Showing Item 1 of 8

Add to basket
Permalink
Disable Highlighting